[Event "Morbihan-ch 0304"]
[Site "Morbihan"]
[Date "2004.03.27"]
[Round "6"]
[White "Desurmont, Sylvain"]
[Black "Le Meur, Jean Yves"]
[Result "1-0"]
[WhiteElo "1910"]
[BlackElo "1600"]
[PlyCount "27"]
[EventDate "2003.10.??"]
[EventType "swiss"]
[EventRounds "7"]
[EventCountry "FRA"]
[SourceTitle "EXT 2005"]
[Source "ChessBase"]
[SourceDate "2004.11.15"]
[SourceVersion "1"]
[SourceVersionDate "2004.11.15"]
[SourceQuality "1"]

1. d4 Nf6 2. e3 d5 3. Bd3 e6 4. Nd2 c5 5. c3 b6 6. f4 Bb7 7. Ngf3 g6 8. 0-0 Ba6 9. Bxa6 Nxa6 10. Qa4+ Qd7 11. Qxa6 c4 12. Ne5 Qd6 13. Qb7 Rb8 14. Qxf7+ 1-0

[Event "Morbihan-ch 0304"]
[Site "Morbihan"]
[Date "2003.12.13"]
[Round "3"]
[White "Le Meur, Jean Yves"]
[Black "Poileux, Michel"]
[Result "1-0"]
[WhiteElo "1600"]
[BlackElo "1970"]
[PlyCount "97"]
[EventDate "2003.10.??"]
[EventType "swiss"]
[EventRounds "7"]
[EventCountry "FRA"]
[SourceTitle "EXT 2005"]
[Source "ChessBase"]
[SourceDate "2004.11.15"]
[SourceVersion "1"]
[SourceVersionDate "2004.11.15"]
[SourceQuality "1"]

1. c4 g5 2. Nc3 Bg7 3. g3 d6 4. Bg2 c5 5. e3 Nc6 6. Nge2 Bg4 7. h3 Bf5 8. 0-0 Qd7 9. Kh2 Bd3 10. b3 Bxe2 11. Qxe2 Bxc3 12. dxc3 h5 13. f4 g4 14. e4 e5 15. h4 Nge7 16. f5 a6 17. a4 Na5 18. Qa2 Nec6 19. Rd1 b6 20. Be3 Qc7 21. Rdb1 0-0 22. Bf1 Rfb8 23. Qd2 f6 24. Qd5+ Qf7 25. b4 Qxd5 26. cxd5 Nd4 27. cxd4 cxd4 28. Bd2 Nb7 29. Rc1 Rc8 30. Rxc8+ Rxc8 31. Rc1 Rxc1 32. Bxc1 a5 33. Ba3 Kf7 34. Kg2 Ke7 35. Kf2 Nd8 36. Bb5 Nf7 37. bxa5 bxa5 38. Ke2 Nd8 39. Kd3 Nf7 40. Kc4 Ng5 41. hxg5 h4 42. Kb3 fxg5 43. Be2 hxg3 44. Bf1 g2 45. Bxg2 g3 46. Bc1 g4 47. Bd2 Kf6 48. Bxa5 Ke7 49. Be1 1-0

[Event "Morbihan-ch 0102"]
[Site "Morbihan"]
[Date "2001.11.22"]
[Round "2"]
[White "Chapelle, Alain"]
[Black "Le Meur, Jean Yves"]
[Result "0-1"]
[WhiteElo "1610"]
[BlackElo "1499"]
[PlyCount "86"]
[EventDate "2001.10.20"]
[EventType "swiss"]
[EventRounds "7"]
[EventCountry "FRA"]
[SourceTitle "EXT 2005"]
[Source "ChessBase"]
[SourceDate "2004.11.15"]
[SourceVersion "1"]
[SourceVersionDate "2004.11.15"]
[SourceQuality "1"]

1. e4 e5 2. Nf3 Nc6 3. Bc4 Bc5 4. 0-0 Nf6 5. d3 h6 6. c3 0-0 7. d4 exd4 8. cxd4 Bb6 9. Nc3 Re8 10. e5 Nh7 11. b4 Rf8 12. a4 a6 13. Ba3 d6 14. d5 Nxe5 15. Nxe5 dxe5 16. b5 Bd4 17. Bxf8 Nxf8 18. Rc1 b6 19. bxa6 Bxa6 20. Bxa6 Rxa6 21. Nb5 Bc5 22. Qb3 Ra8 23. h3 Nd7 24. Rc3 Nf6 25. Rd1 Qd7 26. Rcd3 e4 27. R3d2 Re8 28. Kh1 e3 29. fxe3 Rxe3 30. Qc2 Ne4 31. Rd3 Rxd3 32. Rxd3 Nf2+ 33. Kh2 Nxd3 34. Qxd3 c6 35. Nc3 cxd5 36. Qxd5 Qxd5 37. Nxd5 f5 38. Kg3 g5 39. Kf3 Kf7 40. Ne3 Ke6 41. g4 Bxe3 42. gxf5+ Kxf5 43. Kxe3 Ke5 0-1